00595nam a22001817a 450000500170000001000140001702000230003103500130005403700130006708200110008010000170009124501200010826000410022827000400026930000260030950000500033570000280038520100804104910.0 aENG-98062 a8183243428c450.00 aEN-81595 bDBAD/PUB a954.55 aDevi, Jamini aCultural History of Manipur :bsija laioibi and the Maharas /cby Jamini Devi ; translated by Sheela Devi Chaudhary aNew DelhibMittal Publicationsc2010 a4594/9 DaryaganjbNew Delhie110002 axxviii,140pc21cm(Hb) aincludes bibliographical references and index aChaudhary, Sheela Devi